000 00691nam a22002057a 4500
999 _c7458
_d7458
001 7458
003 BD-JhCC
005 20220120134023.0
008 180210b2013 bg ||||| |||| 00| 0 ben d
035 _a(BD-JhCC)7458
040 _aBD-JhCC
_dBD-JhCC
041 _aben
082 _a322.509866
_bHAM 2013
100 _aহামিদ, লে: কর্নেল (অব:) এম. এ.
245 _aতিনটি সেনা অভ্যুত্থান ও কিছু না বলা /
_c লে: কর্নেল (অব:) এম. এ. হামিদ
300 _a192 p. :
_c22 cm.
650 _aMilitary Coup , Military goverment
942 _2ddc
_cBK
_010